| 000 | 00735cam a22002415a 4500 | ||
|---|---|---|---|
| 001 | 15583520 | ||
| 005 | 20171204114506.0 | ||
| 008 | 090112s2008 enka frb 001 0 eng d | ||
| 020 | _a9780199218080 | ||
| 020 | _a0199218080 | ||
| 040 |
_dDLC _dYDXCP _dEG-ScBUE _beng |
||
| 082 | 0 | 4 |
_a616.46206 _222 _bHIL |
| 100 | 1 | _aHillson, Rowan. | |
| 245 | 1 | 0 |
_aDiabetes care : _ba practical manual / _cRowan Hillson. |
| 260 |
_aOxford ; _aNew York : _bOxford University Press, _c2008. |
||
| 300 |
_axiv, 521 p. : _bill. ; _c18 cm. |
||
| 504 | _aIncludes bibliographical references and index. | ||
| 650 | 7 |
_aDiabetics _xCare. _2BUEsh |
|
| 650 | 7 |
_aDiabetes _xTreatment. _2BUEsh |
|
| 651 | _2BUEsh | ||
| 653 |
_bNNUR _cNovember2017 |
||
| 942 | _2ddc | ||
| 999 |
_c25634 _d25606 |
||